<?xml version="1.0" encoding="UTF-8"?><?xml-stylesheet type="text/xsl" href="static/style.xsl"?><OAI-PMH xmlns="http://www.openarchives.org/OAI/2.0/" xmlns:xsi="http://www.w3.org/2001/XMLSchema-instance" xsi:schemaLocation="http://www.openarchives.org/OAI/2.0/ http://www.openarchives.org/OAI/2.0/OAI-PMH.xsd"><responseDate>2026-04-17T19:05:34Z</responseDate><request verb="GetRecord" identifier="oai:www.recercat.cat:20.500.12327/294" metadataPrefix="marc">https://recercat.cat/oai/request</request><GetRecord><record><header><identifier>oai:recercat.cat:20.500.12327/294</identifier><datestamp>2025-10-22T11:31:55Z</datestamp><setSpec>com_2072_4428</setSpec><setSpec>com_2072_4427</setSpec><setSpec>col_2072_487898</setSpec></header><metadata><record xmlns="http://www.loc.gov/MARC21/slim" xmlns:dcterms="http://purl.org/dc/terms/" xmlns:xsi="http://www.w3.org/2001/XMLSchema-instance" xmlns:doc="http://www.lyncode.com/xoai" xsi:schemaLocation="http://www.loc.gov/MARC21/slim http://www.loc.gov/standards/marcxml/schema/MARC21slim.xsd">
   <leader>00925njm 22002777a 4500</leader>
   <datafield ind2=" " ind1=" " tag="042">
      <subfield code="a">dc</subfield>
   </datafield>
   <datafield ind2=" " ind1=" " tag="720">
      <subfield code="a">Coll-Brasas, E.</subfield>
      <subfield code="e">author</subfield>
   </datafield>
   <datafield ind2=" " ind1=" " tag="720">
      <subfield code="a">Arnau, J.</subfield>
      <subfield code="e">author</subfield>
   </datafield>
   <datafield ind2=" " ind1=" " tag="720">
      <subfield code="a">Gou, P.</subfield>
      <subfield code="e">author</subfield>
   </datafield>
   <datafield ind2=" " ind1=" " tag="720">
      <subfield code="a">Lorenzo, J.M.</subfield>
      <subfield code="e">author</subfield>
   </datafield>
   <datafield ind2=" " ind1=" " tag="720">
      <subfield code="a">García-Pérez, J.V.</subfield>
      <subfield code="e">author</subfield>
   </datafield>
   <datafield ind2=" " ind1=" " tag="720">
      <subfield code="a">Fulladosa, E.</subfield>
      <subfield code="e">author</subfield>
   </datafield>
   <datafield ind2=" " ind1=" " tag="260">
      <subfield code="c">2019-02-22</subfield>
   </datafield>
   <datafield ind2=" " ind1=" " tag="520">
      <subfield code="a">High pressure processing is mainly used to eliminate pathogenic microorganisms and extend&#xd;
the shelf-life of dry-cured hams, but it also modifies its texture. These changes might be different&#xd;
depending on the initial textural characteristics. In this study, texture, colour and colour stability were&#xd;
evaluated after pressurization at 600 MPa during 6 min at 7 ºC, 20 ºC and 35 ºC in samples with different&#xd;
textural characteristics (no pastiness, medium and high pastiness groups). HP treatments produced an&#xd;
increase of hardness (F0) and lightness (L*) values and a decrease of softness/pastiness (Y2 and Y90) and&#xd;
redness (a*) values at any processing temperatures. However, the increase of F0 and L* values was more&#xd;
pronounced in non–pasty samples. In samples with high pastiness and softness, HP processing at high&#xd;
temperature (35ºC) reduced the intensity of pastiness. However, texture of hams with non-pasty texture&#xd;
might be negatively affected. Therefore, the optimal temperature of HP processing depends on the&#xd;
textural characteristics of dry-cured hams.</subfield>
   </datafield>
   <datafield ind1="8" ind2=" " tag="024">
      <subfield code="a">Coll-Brasas, E., J. Arnau, P. Gou, J.M. Lorenzo, J.V. García-Pérez, and E. Fulladosa. 2019. "Effect Of High Pressure Processing Temperature On Dry-Cured Hams With Different Textural Characteristics". Meat Science 152: 127-133. Elsevier BV. doi:10.1016/j.meatsci.2019.02.014.</subfield>
   </datafield>
   <datafield ind1="8" ind2=" " tag="024">
      <subfield code="a">0309-1740</subfield>
   </datafield>
   <datafield ind1="8" ind2=" " tag="024">
      <subfield code="a">http://hdl.handle.net/20.500.12327/294</subfield>
   </datafield>
   <datafield ind1="8" ind2=" " tag="024">
      <subfield code="a">https://doi.org/10.1016/j.meatsci.2019.02.014</subfield>
   </datafield>
   <datafield ind2="0" ind1="0" tag="245">
      <subfield code="a">Effect of high pressure processing temperature on dry-cured hams with different textural characteristics</subfield>
   </datafield>
</record></metadata></record></GetRecord></OAI-PMH>